01007nam a2200169 a 450000100100000000500170001000800410002702000150006804000250008310000420010824504610015026000490061130000180066050000790067850000260075771000540078300003763320250909091242.0121010s1609 bl 000 0 spa d a8472328910 aDO-SdBNPdspacBNPHU1 aVega, Inca Garcilaso de lad1539-161610aPrimera parte de los comentarios reales :bque tratan de el origen de los Incas, reyes que fueron del Peru, de su idolatria, leyes, y gobierno en paz y en guerra : de fus vidas y conquiftas, y de todo lo que fue aquel imperio y fu Republica, antes que los españoles paffaran a el. /cEscritos por el Inca Garcilaso de la Vega,natural del Cozco, y capitan de fu magetad, dirigidos a la serenissima princefa Doña Catalina de Portugar,duqueza de Barganca. aLisboa :boficina de Pedro Crasbeeck,c1609. a2v. ;c27 cm. aReprod. facs. de la ed. princeps: Lisboa, oficina de Pedro Crasbeeck, 1609 aTextos a dos columnas2 aAgencia Española de Cooperación Internacional